01299 a2200181 45000010006000000050017000060080041000230030015000640400040000790800058001192450054001772500011002312640037002423000019002795050782002981000019010807000018010993753120260407155642.0260407a1968 arg spa dAR-UNSa-BCEJYS aAR-UNSa-BCEJYSbspacAR-UNSa-BCEJYS a658.787xControl de existencias. Inventarios (Stock) 10aGestión de stocks y organización de almacenes a3a. ed 1aBilbao :bEdiciones Deustoc1968 a230 p.c25 cm. a1. Introducción - 2. La noción de stocks - 3. La clasificación del material - 4. La nomeclatura del almacen - 5. Los articulos en exitencias - 6. Contabilidad de las existencias - 7. El aprovisionamiento y el reaprovisionamiento de las exitencias - 8. El plan de aprovisionamiento - 9. La formula de aprovisionamiento - 10. La exitencia minima - 11. La tasa de rotación de la exitencia - 12. El plan de reaprovisionamiento - 13. Confección de la demanda de compras - 14. La recepción de mercaderias - 15. Del conocimieto de los precios unitarios y del pago de la factura - 16. La salidas de almacen - 17. Distribución - 18. El inventario rotativo - 19. La supervisión de los embalajes consignados - 20. Los articulos que permanecen indefinidamente en exitencia.1 aLanda, Jesús1 aLebas, Pierre